| 000 | 00563nam a2200193 a 4500 | ||
|---|---|---|---|
| 001 | 12020 | ||
| 003 | CO-ViMGA | ||
| 008 | 141112s2004 ck r 000 u spa d | ||
| 040 |
_aCO-ViMGA _bspa _cCO-ViMGA |
||
| 082 | 0 | 4 | _a709.86 M33p |
| 100 | 1 |
_aMedina, Alvaro _916967 |
|
| 245 | 1 | 0 | _aProcesos del arte en Colombia |
| 260 |
_aSanta Fe de Bogotá : _bInstituto Colombiano de Cultura, _c1978 |
||
| 300 | _a564p | ||
| 490 | _aBiblioteca Basica Colombiana; 34 | ||
| 650 | 1 | 4 |
_aARTE COLOMBIANO - HISTORIA _916968 |
| 650 | 1 | 4 |
_aPINTURA COLOMBIANA _9602 |
| 942 |
_2ddc _cBK |
||
| 999 |
_c23073 _d23073 |
||